[Event "Sanxenxo Carlos op 5th"]
[Site "Sanxenxo"]
[Date "2013.06.29"]
[Round "8"]
[White "Paunovic, Dragan"]
[Black "Yakunin, Alexey"]
[Result "1-0"]
[WhiteElo "2495"]
[BlackElo "2353"]
[PlyCount "119"]
[EventDate "2013.06.22"]
[EventType "swiss"]
[EventRounds "9"]
[EventCountry "ESP"]
[SourceTitle "CBM 155 Extra"]
[Source "ChessBase"]
[SourceDate "2013.08.26"]
[SourceVersion "1"]
[SourceVersionDate "2013.08.26"]
[SourceQuality "1"]

1. c4 Nf6 2. Nf3 g6 3. g3 Bg7 4. Bg2 0-0 5. 0-0 d6 6. d4 Nc6 7. Nc3 a6 8. h3 Bd7 9. e4 e5 10. d5 Nd4 11. Nxd4 exd4 12. Qxd4 Qc8 13. h4 Ng4 14. Qd1 Ne5 15. b3 Nxc4 16. bxc4 Bxc3 17. Bh6 Re8 18. Rc1 Bb2 19. Rb1 Bh8 20. Kh2 b6 21. Qd2 f5 22. Rfe1 fxe4 23. Bxe4 Bf5 24. Qc2 Qd7 25. Bxf5 Qxf5 26. Qxf5 gxf5 27. Bd2 Bd4 28. Kg2 b5 29. Rbc1 Bc5 30. Kf3 Kf7 31. Be3 b4 32. Bxc5 dxc5 33. Kf4 Kf6 34. f3 h5 35. Rcd1 a5 36. Rxe8 Rxe8 37. d6 cxd6 38. Rxd6+ Re6 39. Rd5 a4 40. Rxf5+ Kg6 41. Rxc5 Rb6 42. Rg5+ Kh6 43. Ra5 b3 44. axb3 axb3 45. Ra1 Rb4 46. Kf5 Rxc4 47. Ra6+ Kg7 48. Rb6 Rc5+ 49. Ke4 Rc3 50. Rb5 Kg6 51. g4 hxg4 52. h5+ Kh6 53. fxg4 b2 54. Kf4 Rc4+ 55. Kg3 Rc2 56. Rb6+ Kh7 57. Kh4 Rd2 58. Rb7+ Kg8 59. h6 Kh8 60. Kh5 1-0

[Event "Sanxenxo Carlos op 5th"]
[Site "Sanxenxo"]
[Date "2013.06.23"]
[Round "2"]
[White "Gomez Dieguez, Adrian"]
[Black "Yakunin, Alexey"]
[Result "0-1"]
[WhiteElo "1945"]
[BlackElo "2353"]
[PlyCount "76"]
[EventDate "2013.06.22"]
[EventType "swiss"]
[EventRounds "9"]
[EventCountry "ESP"]
[SourceTitle "CBM 155 Extra"]
[Source "ChessBase"]
[SourceDate "2013.08.26"]
[SourceVersion "1"]
[SourceVersionDate "2013.08.26"]
[SourceQuality "1"]

1. b3 e5 2. Bb2 Nc6 3. e3 Nf6 4. Bb5 d6 5. Ne2 Be7 6. d4 Bd7 7. dxe5 Nxe5 8. Nbc3 c6 9. Bd3 d5 10. 0-0 Nxd3 11. cxd3 0-0 12. Qc2 Re8 13. e4 dxe4 14. dxe4 Qc7 15. h3 Rad8 16. Rad1 Bc8 17. Kh1 Rxd1 18. Rxd1 Rd8 19. f4 Rxd1+ 20. Nxd1 Qa5 21. Bc3 Qh5 22. Bd4 Qa5 23. Nec3 a6 24. Nb2 Qd8 25. Ne2 h6 26. Nc4 c5 27. Be3 Bf8 28. Kh2 b5 29. Ne5 Qc7 30. Ng3 Bb7 31. Nf3 c4 32. Nd4 c3 33. Ndf5 b4 34. Bc1 Qc6 35. e5 Ne4 36. Ne2 Nd2 37. Ne3 Nf1+ 38. Nxf1 Qxg2# 0-1

[Event "Pula op 26th"]
[Site "Pula"]
[Date "2012.06.16"]
[Round "9"]
[White "Yakunin, Alexey"]
[Black "Bedouin, Xavier"]
[Result "0-1"]
[WhiteElo "2351"]
[BlackElo "2402"]
[PlyCount "62"]
[EventDate "2012.06.09"]
[EventType "swiss"]
[EventRounds "9"]
[EventCountry "CRO"]
[SourceTitle "CBM 148 Extra"]
[Source "ChessBase"]
[SourceDate "2012.06.22"]
[SourceVersion "1"]
[SourceVersionDate "2012.06.22"]
[SourceQuality "1"]

1. d4 Nf6 2. c4 e6 3. g3 d5 4. Bg2 dxc4 5. Nf3 c5 6. 0-0 Nc6 7. Qa4 Bd7 8. Qxc4 b5 9. Qd3 c4 10. Qc2 Rc8 11. a4 a6 12. axb5 axb5 13. Bg5 Be7 14. Rd1 Qb6 15. Nc3 0-0 16. e4 h6 17. Bxf6 Bxf6 18. e5 Be7 19. Qe4 Nb4 20. Qg4 Nd3 21. Ne4 Bc6 22. Rab1 Qb7 23. Nf6+ Kh8 24. Qh5 Qb6 25. Rd2 Bxf3 26. Bxf3 Qxd4 27. Ng4 Bg5 28. Re2 g6 29. Qh3 Kg7 30. Re4 Qc5 31. Qg2 h5 0-1

[Event "Pula op 26th"]
[Site "Pula"]
[Date "2012.06.14"]
[Round "7"]
[White "Zierke, Oliver"]
[Black "Yakunin, Alexey"]
[Result "0-1"]
[WhiteElo "2263"]
[BlackElo "2351"]
[PlyCount "108"]
[EventDate "2012.06.09"]
[EventType "swiss"]
[EventRounds "9"]
[EventCountry "CRO"]
[SourceTitle "CBM 148 Extra"]
[Source "ChessBase"]
[SourceDate "2012.06.22"]
[SourceVersion "1"]
[SourceVersionDate "2012.06.22"]
[SourceQuality "1"]

1. d4 Nf6 2. Nf3 g6 3. c4 Bg7 4. Nc3 0-0 5. e4 d6 6. Be2 e5 7. 0-0 Nc6 8. d5 Ne7 9. Ne1 Nd7 10. Be3 f5 11. f3 f4 12. Bf2 g5 13. Rc1 Ng6 14. c5 Nxc5 15. b4 Na6 16. Nd3 Rf7 17. a4 Bf8 18. Nb5 Bd7 19. Nxa7 Qb8 20. Nb5 h5 21. Rc4 Rg7 22. Kh1 Be7 23. Qc1 Nf8 24. g3 fxg3 25. Bxg3 Bd8 26. Rg1 Be8 27. Bf2 Bf6 28. Bf1 Qd8 29. Bh3 Bd7 30. Bxd7 Qxd7 31. Be3 Nh7 32. Rc2 Kh8 33. Nc3 c6 34. dxc6 bxc6 35. Ne2 Nb8 36. a5 d5 37. Nc5 Qf7 38. Ng3 g4 39. Nf5 Rg6 40. fxg4 hxg4 41. Qd1 Nd7 42. Nh6 Qe8 43. exd5 Nxc5 44. Rxc5 Bg7 45. Nf5 Rd8 46. Nxg7 Kxg7 47. Rxg4 cxd5 48. Rc7+ Kh8 49. Rh4 Rd7 50. Rxd7 Qxd7 51. Qf3 d4 52. Qf8+ Rg8 53. Qf6+ Rg7 54. Bd2 Qd5+ 0-1

[Event "Pardubice Czech op 22nd"]
[Site "Pardubice"]
[Date "2011.07.25"]
[Round "4"]
[White "Yakunin, Alexey"]
[Black "Gutman, Gennadi"]
[Result "1/2-1/2"]
[WhiteElo "2360"]
[BlackElo "2501"]
[PlyCount "117"]
[EventDate "2011.07.22"]
[EventType "swiss"]
[EventRounds "9"]
[EventCountry "CZE"]
[SourceTitle "CBM 143 Extra"]
[Source "ChessBase"]
[SourceDate "2011.08.29"]
[SourceVersion "1"]
[SourceVersionDate "2011.08.29"]
[SourceQuality "1"]

1. e4 c5 2. Nf3 e6 3. c3 d5 4. exd5 exd5 5. d4 Nc6 6. Bb5 Bd6 7. 0-0 Nge7 8. dxc5 Bxc5 9. Nbd2 0-0 10. Nb3 Bd6 11. Bg5 Bg4 12. Bh4 Qb6 13. Bxe7 Bxe7 14. Be2 Rad8 15. Nfd4 Bc8 16. Qc2 Bf6 17. Rad1 Rfe8 18. h3 g6 19. Bf3 Ne5 20. Rfe1 Kg7 21. Nd2 Nxf3+ 22. N2xf3 Re4 23. Qb3 Qxb3 24. axb3 a6 25. b4 Rde8 26. Rxe4 dxe4 27. Re1 Bd7 28. Nd2 Bxd4 29. cxd4 Bc6 30. Nc4 Rd8 31. Rd1 f5 32. g3 g5 33. Na5 Bd5 34. Rc1 Rd7 35. Rc8 Bf7 36. Rb8 Bd5 37. b3 Rc7 38. Nc4 f4 39. gxf4 gxf4 40. Rd8 Bxc4 41. bxc4 Rxc4 42. Rd7+ Kf6 43. Rxb7 Rc1+ 44. Kg2 h5 45. Rh7 Rc2 46. Kg1 e3 47. fxe3 fxe3 48. Kf1 Kf5 49. Rxh5+ Ke4 50. Re5+ Kd3 51. d5 Rf2+ 52. Ke1 Rb2 53. Kf1 Rxb4 54. d6 Rd4 55. Ra5 Rxd6 56. Ke1 Re6 57. Ra3+ Kc2 58. Ke2 Kb2 59. Rxe3 1/2-1/2

[Event "Pardubice Czech op 22nd"]
[Site "Pardubice"]
[Date "2011.07.24"]
[Round "3"]
[White "Yakimenko, Alexander A"]
[Black "Yakunin, Alexey"]
[Result "0-1"]
[WhiteElo "2178"]
[BlackElo "2360"]
[PlyCount "88"]
[EventDate "2011.07.22"]
[EventType "swiss"]
[EventRounds "9"]
[EventCountry "CZE"]
[SourceTitle "CBM 143 Extra"]
[Source "ChessBase"]
[SourceDate "2011.08.29"]
[SourceVersion "1"]
[SourceVersionDate "2011.08.29"]
[SourceQuality "1"]

1. d4 Nf6 2. c4 g6 3. Nc3 Bg7 4. e4 d6 5. Nf3 0-0 6. Be2 e5 7. 0-0 Nbd7 8. Re1 c6 9. h3 exd4 10. Nxd4 Re8 11. Bf3 Ne5 12. Be2 a5 13. Bg5 h6 14. Bf4 a4 15. Qc2 Qa5 16. Rad1 Nfd7 17. Bd2 Nc5 18. Bf1 Qb6 19. Be3 Qb4 20. a3 Qa5 21. f4 Ned7 22. Nde2 Nf6 23. Ng3 h5 24. Bf2 h4 25. Nh1 Nh5 26. Bxh4 Nxf4 27. Rxd6 Nce6 28. Rdd1 Be5 29. Bf2 Kg7 30. Ng3 Ng5 31. Nce2 Nfe6 32. Nd4 Nxd4 33. Rxd4 Bxh3 34. Rdd1 Bg4 35. Be2 Bxe2 36. Rxe2 Rad8 37. Ree1 Ne6 38. Ne2 Rh8 39. Rxd8 Qxd8 40. Nc3 Qg5 41. Ne2 Rh2 42. g3 Qh5 43. Qd3 Qh3 44. Qf3 Ng5 0-1

[Event "Pardubice Czech op 22nd"]
[Site "Pardubice"]
[Date "2011.07.23"]
[Round "2"]
[White "Yakunin, Alexey"]
[Black "Jansa, Vlastimil"]
[Result "0-1"]
[WhiteElo "2360"]
[BlackElo "2493"]
[PlyCount "36"]
[EventDate "2011.07.22"]
[EventType "swiss"]
[EventRounds "9"]
[EventCountry "CZE"]
[SourceTitle "CBM 143 Extra"]
[Source "ChessBase"]
[SourceDate "2011.08.29"]
[SourceVersion "1"]
[SourceVersionDate "2011.08.29"]
[SourceQuality "1"]

1. e4 c5 2. Nf3 e6 3. c3 Nf6 4. e5 Nd5 5. d4 cxd4 6. cxd4 b6 7. a3 Be7 8. Qa4 0-0 9. Bd3 Bb7 10. 0-0 Nc6 11. Re1 Rc8 12. Nbd2 d6 13. Bb1 Qd7 14. Qc2 g6 15. Qd3 dxe5 16. dxe5 Rfd8 17. Ne4 Qc7 18. Nc3 Na5 0-1

[Event "Berdsk-ch"]
[Site "Berdsk"]
[Date "2011.01.07"]
[Round "6"]
[White "Rodionova, Daria"]
[Black "Yakunin, Alexey"]
[Result "1/2-1/2"]
[WhiteElo "1856"]
[BlackElo "2364"]
[PlyCount "73"]
[EventDate "2011.01.02"]
[EventType "swiss"]
[EventRounds "9"]
[EventCountry "RUS"]
[SourceTitle "CBM 140 Extra"]
[Source "ChessBase"]
[SourceDate "2011.03.01"]
[SourceVersion "1"]
[SourceVersionDate "2011.03.01"]
[SourceQuality "1"]

1. e4 c5 2. Nf3 e6 3. c4 Nc6 4. Nc3 Nf6 5. Be2 d6 6. 0-0 Be7 7. d4 cxd4 8. Nxd4 0-0 9. Be3 a6 10. Rc1 Re8 11. a3 Bf8 12. b4 Ne5 13. f4 Ng6 14. Nb3 b6 15. e5 dxe5 16. Qxd8 Rxd8 17. Bxb6 Rd7 18. fxe5 Nxe5 19. Bd4 Nc6 20. Bxf6 gxf6 21. Bf3 Bb7 22. Ne4 Rc7 23. Nec5 Bxc5+ 24. Nxc5 Nd8 25. Nxb7 Nxb7 26. b5 Rb8 27. Bxb7 Rbxb7 28. a4 Kf8 29. Kf2 Ke7 30. Ke3 Kd6 31. c5+ Rxc5 32. Rfd1+ Rd5 33. Rc6+ Ke5 34. Rxd5+ Kxd5 35. Rxa6 f5 36. b6 e5 37. a5 1/2-1/2

[Event "Berdsk-ch"]
[Site "Berdsk"]
[Date "2011.01.03"]
[Round "2"]
[White "Khanin, Semen"]
[Black "Yakunin, Alexey"]
[Result "0-1"]
[WhiteElo "2056"]
[BlackElo "2364"]
[PlyCount "108"]
[EventDate "2011.01.02"]
[EventType "swiss"]
[EventRounds "9"]
[EventCountry "RUS"]
[SourceTitle "CBM 140 Extra"]
[Source "ChessBase"]
[SourceDate "2011.03.01"]
[SourceVersion "1"]
[SourceVersionDate "2011.03.01"]
[SourceQuality "1"]

1. e4 d6 2. d4 Nf6 3. Nc3 g6 4. Nf3 Bg7 5. Bc4 0-0 6. 0-0 Nxe4 7. Nxe4 d5 8. Bd3 dxe4 9. Bxe4 c5 10. dxc5 Qc7 11. c3 Qxc5 12. Qb3 Qc7 13. Be3 Nc6 14. Nd4 Na5 15. Qb4 a6 16. Nf3 Nc4 17. Bc5 Nxb2 18. Nd4 Na4 19. Bxe7 Re8 20. Qxa4 Rxe7 21. Qc2 Bd7 22. Rab1 Rb8 23. Rfe1 b5 24. Qb3 Rbe8 25. f3 Be5 26. Kf1 Bxh2 27. Re2 Kg7 28. Rbe1 Bg3 29. Rd1 Qf4 30. Bd5 Qh4 31. Rxe7 Qh1+ 32. Ke2 Qxg2+ 33. Kd3 Rxe7 34. Qb4 Re5 35. Be4 Qxa2 36. Ne2 Bf2 37. Rd2 Qc4+ 38. Qxc4 bxc4+ 39. Kxc4 Bb5+ 40. Kb3 Be1 41. Ra2 f5 42. c4 fxe4 43. f4 Re7 44. cxb5 axb5 45. Nd4 b4 46. Re2 Bc3 47. Nc6 Re6 48. Nxb4 Bxb4 49. Kxb4 Kf6 50. Kc4 Kf5 51. Kd5 Re7 52. Kd6 Ra7 53. Rf2 e3 54. Rf3 Ke4 0-1

[Event "Novosibirsk Fakel"]
[Site "Novosibirsk"]
[Date "2010.02.15"]
[Round "7"]
[White "Tyu, Nikolai"]
[Black "Yakunin, Alexey"]
[Result "1/2-1/2"]
[WhiteElo "2087"]
[BlackElo "2355"]
[PlyCount "72"]
[EventDate "2010.02.07"]
[EventType "tourn"]
[EventRounds "11"]
[EventCountry "RUS"]
[SourceTitle "EXT 2011"]
[Source "ChessBase"]
[SourceDate "2010.11.26"]
[SourceVersion "1"]
[SourceVersionDate "2010.11.26"]
[SourceQuality "1"]

1. d4 d6 2. c4 Nf6 3. Nc3 g6 4. e4 Bg7 5. f4 0-0 6. Nf3 c5 7. d5 e6 8. Be2 exd5 9. exd5 Re8 10. 0-0 a6 11. a4 b6 12. Bd3 Ra7 13. f5 Ng4 14. fxg6 hxg6 15. Bg5 Bf6 16. Bxf6 Qxf6 17. Qd2 Rae7 18. h3 Ne3 19. Rf2 Nd7 20. Re1 Nf5 21. Rxe7 Qxe7 22. Bxf5 gxf5 23. Re2 Ne5 24. Nxe5 dxe5 25. d6 Qd8 26. Qd5 Re6 27. Rd2 Bd7 28. a5 Kg7 29. Ne2 bxa5 30. Qxc5 Qg5 31. Qxa5 f4 32. Nd4 Re8 33. Nf3 Qf6 34. Qc7 Qe6 35. c5 Rc8 36. Qb6 e4 1/2-1/2

[Event "Novosibirsk Fakel"]
[Site "Novosibirsk"]
[Date "2010.02.13"]
[Round "5"]
[White "Yakunin, Alexey"]
[Black "Khoroshev, Sergey"]
[Result "1-0"]
[WhiteElo "2355"]
[BlackElo "2153"]
[PlyCount "51"]
[EventDate "2010.02.07"]
[EventType "tourn"]
[EventRounds "11"]
[EventCountry "RUS"]
[SourceTitle "EXT 2011"]
[Source "ChessBase"]
[SourceDate "2010.11.26"]
[SourceVersion "1"]
[SourceVersionDate "2010.11.26"]
[SourceQuality "1"]

1. e4 d5 2. exd5 Nf6 3. c4 c6 4. Nc3 cxd5 5. cxd5 Nxd5 6. Bc4 Nf6 7. Nf3 e6 8. d4 Be7 9. 0-0 0-0 10. Re1 Nc6 11. Bb3 Nb4 12. a3 Nbd5 13. Ne5 Nxc3 14. bxc3 Bd7 15. Qd3 Rc8 16. Bc2 Bc6 17. Bg5 g6 18. Qh3 Ne8 19. Bh6 Ng7 20. Ng4 Bg5 21. Re5 Bxh6 22. Nxh6+ Kh8 23. Nxf7+ Rxf7 24. Bxg6 Kg8 25. Qxh7+ Kf8 26. Rxe6 1-0

[Event "Novosibirsk Fakel"]
[Site "Novosibirsk"]
[Date "2010.02.08"]
[Round "2"]
[White "Kotov, Dmitry"]
[Black "Yakunin, Alexey"]
[Result "0-1"]
[WhiteElo "2110"]
[BlackElo "2355"]
[PlyCount "82"]
[EventDate "2010.02.07"]
[EventType "tourn"]
[EventRounds "11"]
[EventCountry "RUS"]
[SourceTitle "EXT 2011"]
[Source "ChessBase"]
[SourceDate "2010.11.26"]
[SourceVersion "1"]
[SourceVersionDate "2010.11.26"]
[SourceQuality "1"]

1. e4 c5 2. Nc3 Nc6 3. g3 g6 4. Bg2 Bg7 5. d3 d6 6. Be3 e5 7. Qd2 Nd4 8. Nge2 Ne7 9. 0-0 0-0 10. f4 Rb8 11. fxe5 dxe5 12. Bg5 f6 13. Be3 Be6 14. Rf2 Qd7 15. Raf1 b5 16. a3 a5 17. Nd1 b4 18. axb4 axb4 19. Kh1 Kh8 20. Ng1 Rfd8 21. Bh6 Bxh6 22. Qxh6 Ng8 23. Qd2 b3 24. c3 Nc2 25. Ne3 Qxd3 26. Qxd3 Rxd3 27. Nxc2 bxc2 28. Rxc2 Bb3 29. Rcf2 Rbd8 30. Ne2 Rd2 31. Nc1 Bc4 32. Rxd2 Rxd2 33. Re1 Rxb2 34. Rd1 Rc2 35. Kg1 Rxc3 36. Re1 Nh6 37. Ne2 Re3 38. Kf2 Ng4+ 39. Kf1 Nxh2+ 40. Kf2 Ng4+ 41. Kf1 Rxg3 0-1

[Event "Izmailov Memorial op 13th"]
[Site "Tomsk"]
[Date "2009.07.02"]
[Round "9"]
[White "Yakunin, Alexey"]
[Black "Kozganbay, Erkin"]
[Result "1-0"]
[WhiteElo "2371"]
[BlackElo "2173"]
[PlyCount "143"]
[EventDate "2009.06.24"]
[EventType "swiss"]
[EventRounds "9"]
[EventCountry "RUS"]
[SourceTitle "EXT 2010"]
[Source "ChessBase"]
[SourceDate "2010.11.25"]
[SourceVersion "1"]
[SourceVersionDate "2010.11.25"]
[SourceQuality "1"]

1. e4 c5 2. Nf3 d6 3. Bb5+ Nc6 4. 0-0 Bg4 5. h3 Bxf3 6. Qxf3 Nf6 7. Bxc6+ bxc6 8. e5 dxe5 9. Qxc6+ Qd7 10. Qxa8+ Qd8 11. Qxa7 Qd4 12. c3 Qe4 13. Re1 Qxe1+ 14. Kh2 Qxc1 15. b3 Ne4 16. f3 Nf2 17. Qa8+ Kd7 18. Qb7+ Kd8 19. Qb6+ Kc8 20. Qc6+ Kb8 21. Qe8+ Kb7 22. Kg3 Qb2 23. c4 Qxa1 24. Nc3 Qe1 25. Nb5 Kb6 26. Qb8+ Kc6 27. d3 Ng4+ 28. Kxg4 Qb4 29. Na7+ Kd7 30. Qc8+ Kd6 31. Qd8+ Ke6 32. Qc8+ Kf6 33. Qc6+ e6 34. Qa4 Qxa4 35. bxa4 h6 36. f4 exf4 37. Kxf4 e5+ 38. Ke4 g5 39. g4 h5 40. gxh5 Rxh5 41. h4 Rxh4+ 42. Kd5 Rh3 43. Kc6 Rxd3 44. Kb5 Rb3+ 45. axb3 Bd6 46. Kc6 Ke6 47. Nc8 Bf8 48. Nd6 Kf6 49. Nb7 Be7 50. Nxc5 Bxc5 51. Kxc5 Ke7 52. Kd5 f5 53. Kxe5 Kf7 54. Kxf5 Ke7 55. Kxg5 Kd6 56. Kf4 Kc5 57. a5 Kb4 58. a6 Kxb3 59. a7 Kxc4 60. a8Q Kc3 61. Ke4 Kb2 62. Kd4 Kc2 63. Kc4 Kd2 64. Qe4 Kc1 65. Qe1+ Kc2 66. Kd4 Kb2 67. Kd3 Ka3 68. Qa1+ Kb3 69. Kd4 Kc2 70. Qa2+ Kd1 71. Kd3 Ke1 72. Qe2# 1-0

[Event "Novosibirsk op"]
[Site "Novosibirsk"]
[Date "2009.02.17"]
[Round "7"]
[White "Yakunin, Alexey"]
[Black "Angel, Alexander"]
[Result "1-0"]
[WhiteElo "2371"]
[BlackElo "1948"]
[PlyCount "87"]
[EventDate "2009.02.07"]
[EventType "swiss"]
[EventRounds "9"]
[EventCountry "RUS"]
[SourceTitle "EXT 2012"]
[Source "ChessBase"]
[SourceDate "2011.11.24"]
[SourceVersion "1"]
[SourceVersionDate "2011.11.24"]
[SourceQuality "1"]

1. e4 e5 2. Nf3 Nc6 3. Bb5 a6 4. Ba4 Nf6 5. 0-0 Be7 6. Re1 b5 7. Bb3 0-0 8. a4 Rb8 9. axb5 axb5 10. d3 d6 11. Nc3 Bg4 12. Be3 Qd7 13. h3 Be6 14. Nd5 Ra8 15. c3 Na5 16. Nxe7+ Qxe7 17. Bc2 c5 18. Ng5 h6 19. Nxe6 fxe6 20. Qe2 Nc6 21. g3 Kh8 22. Kg2 Nd7 23. f4 exf4 24. gxf4 e5 25. f5 Qf7 26. Kh2 b4 27. Ba4 Ndb8 28. Qc2 Qc7 29. Bb3 Nd7 30. Qg2 bxc3 31. bxc3 Rfb8 32. Rxa8 Rxa8 33. Rg1 Nf6 34. Qg6 Qe7 35. Bxh6 gxh6 36. Bf7 Ng4+ 37. Rxg4 Qf8 38. Qf6+ Kh7 39. Bg6+ Kg8 40. Be8+ Kh7 41. Qxf8 Ra2+ 42. Kg3 Rg2+ 43. Kxg2 h5 44. Qg7# 1-0

[Event "Novosibirsk op"]
[Site "Novosibirsk"]
[Date "2009.02.14"]
[Round "5"]
[White "Yakunin, Alexey"]
[Black "Korotkova, Ekaterina"]
[Result "1-0"]
[WhiteElo "2371"]
[BlackElo "2038"]
[PlyCount "61"]
[EventDate "2009.02.07"]
[EventType "swiss"]
[EventRounds "9"]
[EventCountry "RUS"]
[SourceTitle "EXT 2012"]
[Source "ChessBase"]
[SourceDate "2011.11.24"]
[SourceVersion "1"]
[SourceVersionDate "2011.11.24"]
[SourceQuality "1"]

1. e4 e5 2. Nc3 Nf6 3. g3 d5 4. exd5 Nxd5 5. Bg2 Nxc3 6. bxc3 Bc5 7. d3 0-0 8. Nf3 e4 9. Nd4 exd3 10. Qxd3 Nd7 11. 0-0 Ne5 12. Qb5 Qe7 13. Bf4 c6 14. Qe2 Ng6 15. Be3 Bd7 16. Rfb1 Rab8 17. a4 Rfe8 18. a5 Ne5 19. h3 b5 20. axb6 axb6 21. Re1 Rbc8 22. f4 Ng6 23. Qf3 b5 24. Qh5 Qd6 25. Rad1 Ne7 26. Nxc6 Bxe3+ 27. Rxe3 Qf6 28. Rxd7 Nxc6 29. Rxe8+ Rxe8 30. Bxc6 g6 31. Qd5 1-0

[Event "Novosibirsk op"]
[Site "Novosibirsk"]
[Date "2009.02.12"]
[Round "4"]
[White "Yakunin, Alexey"]
[Black "Pokrasenko, Alexander"]
[Result "1-0"]
[WhiteElo "2371"]
[BlackElo "2219"]
[PlyCount "81"]
[EventDate "2009.02.07"]
[EventType "swiss"]
[EventRounds "9"]
[EventCountry "RUS"]
[SourceTitle "EXT 2012"]
[Source "ChessBase"]
[SourceDate "2011.11.24"]
[SourceVersion "1"]
[SourceVersionDate "2011.11.24"]
[SourceQuality "1"]

1. e4 e6 2. d4 d5 3. Nc3 Bb4 4. e5 c5 5. a3 Bxc3+ 6. bxc3 Ne7 7. Qg4 Qc7 8. Qxg7 Rg8 9. Qxh7 cxd4 10. Ne2 Nbc6 11. f4 Bd7 12. Qd3 dxc3 13. Nxc3 a6 14. Ne2 Nf5 15. h3 Na5 16. g4 Bb5 17. Qc3 Qxc3+ 18. Nxc3 Bxf1 19. Rxf1 Nd4 20. Ra2 Rc8 21. Ne2 Rxc2 22. Rxc2 Nxc2+ 23. Kd1 Na1 24. Rf3 N1b3 25. Rc3 Kd7 26. Be3 Rc8 27. Rxc8 Kxc8 28. Kc2 Nc4 29. Bg1 Nba5 30. h4 Nc6 31. a4 Kd7 32. h5 Ne7 33. h6 Ng6 34. Bc5 Ke8 35. f5 Nf8 36. Bd4 Nh7 37. Nf4 exf5 38. Nxd5 Kf8 39. gxf5 Ng5 40. Nf6 Nf3 41. Bc5+ 1-0

[Event "Khanty-Mansiysk Governor Cup"]
[Site "Khanty-Mansiysk"]
[Date "2007.11.22"]
[Round "2"]
[White "Yakunin, Alexey"]
[Black "Iordachescu, Viorel"]
[Result "1/2-1/2"]
[WhiteElo "2357"]
[BlackElo "2567"]
[PlyCount "87"]
[EventDate "2007.11.21"]
[EventType "swiss"]
[EventRounds "9"]
[EventCountry "RUS"]
[SourceTitle "CBM 121 Extra"]
[Source "ChessBase"]
[SourceDate "2008.01.10"]
[SourceVersion "1"]
[SourceVersionDate "2008.01.10"]
[SourceQuality "1"]

1. e4 e5 2. Nf3 Nc6 3. Bb5 a6 4. Ba4 Nf6 5. 0-0 Be7 6. Bxc6 dxc6 7. d3 Nd7 8. b3 0-0 9. Bb2 Bf6 10. Nbd2 Re8 11. Nc4 c5 12. a4 b6 13. Ra2 Re6 14. Qa1 Qe8 15. Ne3 Bd8 16. g3 f6 17. Nh4 Nb8 18. f4 Nc6 19. Qd1 Bd7 20. f5 Re7 21. Nf3 Nd4 22. g4 Bc6 23. c4 Rd7 24. Bxd4 cxd4 25. Nc2 Be7 26. Nce1 b5 27. axb5 axb5 28. Rg2 Kh8 29. g5 Qh5 30. gxf6 Bxf6 31. Qd2 Re7 32. Kh1 Be8 33. Rg3 Qh6 34. Qg2 Ra1 35. Ng5 c6 36. Nef3 Rea7 37. Rh3 Rxf1+ 38. Qxf1 Bh5 39. Rg3 Ra2 40. Rg2 Rxg2 41. Qxg2 Kg8 42. cxb5 cxb5 43. Qc2 Bxf3+ 44. Nxf3 1/2-1/2

[Event "Novosibirsk Sibiria op-C"]
[Site "Novosibirsk"]
[Date "2007.07.25"]
[Round "5"]
[White "Bocharov, Ivan"]
[Black "Yakunin, Alexey"]
[Result "1/2-1/2"]
[WhiteElo "2399"]
[BlackElo "2334"]
[PlyCount "84"]
[EventDate "2007.07.21"]
[EventType "swiss"]
[EventRounds "9"]
[EventCountry "RUS"]
[SourceTitle "EXT 2008"]
[Source "ChessBase"]
[SourceDate "2007.11.25"]
[SourceVersion "1"]
[SourceVersionDate "2007.11.25"]
[SourceQuality "1"]

1. f4 c5 2. Nf3 g6 3. g3 Bg7 4. Bg2 Nc6 5. 0-0 Nf6 6. d3 0-0 7. e4 d6 8. c3 Rb8 9. a4 a6 10. h3 b5 11. axb5 axb5 12. g4 b4 13. Be3 bxc3 14. bxc3 Nd7 15. d4 cxd4 16. cxd4 Nb4 17. Ra4 Nf6 18. Qb3 Be6 19. Qa3 Nc2 20. Qd3 Bb3 21. Ra7 Qb6 22. Rxe7 Bc4 23. Qxc2 Bxf1 24. Bxf1 Qxb1 25. Qxb1 Rxb1 26. Nd2 Ra1 27. g5 Nh5 28. Kf2 f6 29. Bc4+ Kh8 30. gxf6 Bxf6 31. Rf7 Rxf7 32. Bxf7 Ra8 33. e5 Rf8 34. e6 d5 35. Nf3 Rxf7 36. exf7 Kg7 37. Ne5 Bxe5 38. fxe5 Kxf7 39. Bh6 Ke6 40. Kf3 Kf5 41. h4 Ke6 42. Kg4 Kf7 1/2-1/2

[Event "Novosibirsk Sibiria op-C"]
[Site "Novosibirsk"]
[Date "2007.07.24"]
[Round "4"]
[White "Yakunin, Alexey"]
[Black "Grachev, Jury"]
[Result "1/2-1/2"]
[WhiteElo "2334"]
[BlackElo "2423"]
[PlyCount "55"]
[EventDate "2007.07.21"]
[EventType "swiss"]
[EventRounds "9"]
[EventCountry "RUS"]
[SourceTitle "EXT 2008"]
[Source "ChessBase"]
[SourceDate "2007.11.25"]
[SourceVersion "1"]
[SourceVersionDate "2007.11.25"]
[SourceQuality "1"]

1. d4 c5 2. d5 e5 3. e4 d6 4. Nc3 Ne7 5. Nf3 g6 6. Nd2 Nd7 7. h4 Nf6 8. a4 Bg7 9. Be2 0-0 10. g4 Ne8 11. h5 f5 12. hxg6 hxg6 13. gxf5 gxf5 14. Nc4 f4 15. Bg4 Rf6 16. Bxc8 Nxc8 17. Qg4 Nb6 18. Nd2 Qd7 19. Qxd7 Nxd7 20. Nf3 Nc7 21. Bd2 Rh6 22. Ke2 Rxh1 23. Rxh1 Bf6 24. b3 a6 25. Ra1 Kf7 26. Nd1 Bd8 27. Nb2 b5 28. axb5 1/2-1/2

[Event "Novosibirsk-ch"]
[Site "Novosibirsk"]
[Date "2007.02.19"]
[Round "6"]
[White "Yakunin, Alexey"]
[Black "Korobkin, Maxim"]
[Result "1-0"]
[WhiteElo "2325"]
[BlackElo "2307"]
[PlyCount "51"]
[EventDate "2007.02.14"]
[EventType "swiss"]
[EventRounds "9"]
[EventCountry "RUS"]
[SourceTitle "EXT 2008"]
[Source "ChessBase"]
[SourceDate "2007.11.25"]
[SourceVersion "1"]
[SourceVersionDate "2007.11.25"]
[SourceQuality "1"]

1. e4 d6 2. f4 d5 3. exd5 Qxd5 4. Nc3 Qd6 5. Nf3 Nf6 6. Ne5 a6 7. Bc4 e6 8. d4 b5 9. Be2 Bb7 10. Bf3 Nc6 11. 0-0 Be7 12. Ne4 Nxe4 13. Bxe4 Rd8 14. c3 Na5 15. Bxb7 Nxb7 16. f5 exf5 17. Rxf5 0-0 18. Qf3 Qe6 19. Qg4 Bf6 20. Rxf6 Qxg4 21. Nxg4 gxf6 22. Bh6 f5 23. Nf6+ Kh8 24. Bxf8 Rxf8 25. Re1 Kg7 26. Ne8+ 1-0

[Event "Novosibirsk-ch"]
[Site "Novosibirsk"]
[Date "2007.02.15"]
[Round "2"]
[White "Yakunin, Alexey"]
[Black "Petrukhin, Denis"]
[Result "1/2-1/2"]
[WhiteElo "2325"]
[BlackElo "2433"]
[PlyCount "67"]
[EventDate "2007.02.14"]
[EventType "swiss"]
[EventRounds "9"]
[EventCountry "RUS"]
[SourceTitle "EXT 2008"]
[Source "ChessBase"]
[SourceDate "2007.11.25"]
[SourceVersion "1"]
[SourceVersionDate "2007.11.25"]
[SourceQuality "1"]

1. e4 e5 2. f4 exf4 3. Bc4 Ne7 4. Nc3 c6 5. d4 d5 6. exd5 Nxd5 7. Bxd5 cxd5 8. Bxf4 Bd6 9. Bxd6 Qxd6 10. Qf3 Be6 11. Nge2 Nc6 12. 0-0-0 0-0 13. Nf4 Rad8 14. Rhe1 a6 15. Qg3 Rfe8 16. Re3 Qd7 17. h3 f6 18. Qf3 Bf7 19. Rxe8+ Rxe8 20. Nfxd5 Rd8 21. Nf4 Nxd4 22. Qf2 Qd6 23. Kb1 Qb6 24. Nfe2 Nxe2 25. Qxb6 Nxc3+ 26. bxc3 Rxd1+ 27. Kb2 Rd7 28. a4 Bd5 29. Qe3 Kf7 30. Qe2 h6 31. g3 Be6 32. Qh5+ Kf8 33. Qc5+ Kg8 34. a5 1/2-1/2